00556nam a22001817a 450000500170000001000150001702000260003203500130005803700130007108200130008410000260009724500590012325000110018226000300019327000680022330000330029150000500032420160613104226.0 aENG-115245 a9788120352353c325.00 aEN-98777 bDBAD/PUB a004.0684 aDubey,Sanjiva Shankar aIT strategy and management /cby Sanjiva Shankar Dubey a3rd ed aDelhibPHI Learningc2016 aRimjhim House, 111, Patparganj Industrial EstatebDelhie110092 axix,360p. :c24cm(pbk)bill. aIncludes bibliographical references and index